[Event "Olympiad-41"]
[Site "Tromsoe"]
[Date "2014.08.10"]
[Round "8.1"]
[White "Ivanchuk, Vassily"]
[Black "Topalov, Veselin"]
[Result "1/2-1/2"]
[WhiteElo "2744"]
[BlackElo "2772"]
[Annotator "Roiz,M"]
[PlyCount "102"]
[EventDate "2014.08.02"]
[EventType "team-swiss"]
[EventRounds "11"]
[EventCountry "NOR"]
[SourceTitle "CBM 162"]
[Source "ChessBase"]
[SourceDate "2014.09.17"]
[SourceVersion "1"]
[SourceVersionDate "2014.09.17"]
[SourceQuality "1"]
[WhiteTeam "Ukraine"]
[BlackTeam "Bulgaria"]
[WhiteTeamCountry "UKR"]
[BlackTeamCountry "BUL"]

1. Nf3 d5 2. d4 Nf6 3. c4 c6 4. e3 Bg4 5. h3 Bh5 6. Nc3 e6 7. g4 Bg6 8. Ne5
Nbd7 9. Nxg6 hxg6 10. Bd2 Bb4 11. f3 {Control over the central e4-square is
extremely important in this line, but the text move looks rather risky, as
Black gets some development advantage and may disturb White's king.} ({There
is a recent example where a young Russian GM was able to claim something of an
edge:} 11. cxd5 $5 exd5 12. Bd3 Qe7 13. Qb3 Nxg4 (13... a5 $5) 14. Nxd5 cxd5
15. Bxb4 Qh4 16. Qc2 Nxe3 17. Qc7 Qf4 18. Rc1 Qxc7 19. Rxc7 $14 {1-0 Dubov,D 
(2614)-Ragger,M (2632)/Dubai UAE 2014 (32)}) 11... dxc4 {Topalov prefers to
keep a dynamic situation in the centre.} (11... Qc7 $5 {deserves serious
attention too:} 12. Kf2 dxc4 13. Bxc4 O-O-O $132) 12. Bxc4 Nd5 13. Qb3 (13. e4
N5b6 14. Bb3 c5 15. a3 Ba5 $132) 13... a5 (13... Qh4+ 14. Ke2 a5 15. a3 a4 16.
Qc2 Bxc3 17. bxc3 $132) 14. Kf2 $6 $146 {An unsuccessful innovation by
Ivanchuk. The king cannot be safe when Black can attack the centre by means of
c6-c5 or e6-e5.} ({In the preceding games Black didn't experience problems
either:} 14. a3 a4 15. Qc2 Ba5 16. Kf2 Qh4+ 17. Kg2 Bc7 $132 {1/2-1/2 Fridman,
D (2652)-Balogh,C (2662)/Germany 2011/CBM 146 (65)}) (14. O-O-O $6 a4 15. Qc2
a3 $15 {1/2-1/2 Kveinys,A (2506)-Hansen,S (2603)/Reykjavik 2011/CBM 141 Extra 
(25)}) 14... N7b6 $1 15. Bd3 (15. a3 a4 16. Qa2 Nxc3 17. Bxc3 Bd6 $15) 15... e5
$36 {White's position is already quite unpleasant.} (15... a4 $5 16. Qc2 a3 17.
Nxd5 Nxd5 18. e4 Bxd2 19. Qxd2 Ne7 $15) 16. Nxd5 {Exchanging one pair of
bishops is in Black's favour, but White could hardly avoid it.} ({The
alternatives were not attractive:} 16. h4 exd4 17. exd4 a4 18. Qc2 Be7 19. Nxd5
Bxh4+ 20. Kg2 Nxd5 $15) (16. a3 a4 17. Qc2 exd4 18. exd4 Qh4+ 19. Kg2 Bd6 20.
Rae1+ Kf8 $15) 16... Nxd5 17. Bxb4 Qh4+ $1 {An important intermediate check.} (
{After} 17... axb4 18. Bc4 exd4 19. Bxd5 Qxd5 20. Qxd5 dxe3+ 21. Kxe3 cxd5 22.
Kd4 {White should be OK in this rook ending.}) 18. Ke2 axb4 {White has to
release the tension in the centre before Black castles.} 19. Bc4 (19. Be4 Nf6
20. d5 cxd5 21. Bxd5 O-O 22. Rac1 Rad8 23. Bxb7 Rd7 24. Bc6 Rc7 $36) 19...
O-O-O 20. dxe5 ({The following simplifications didn't help much:} 20. Bxd5 Rxd5
21. e4 Rxd4 22. Qxf7 Qg5 23. Rad1 Rhd8 $36) 20... Qg3 21. Rag1 Qxe5 {The king
is still under attack.} 22. Kf2 $6 {A critical loss of tempo.} ({Vassily had
to simplify the position at any cost:} 22. Bxd5 Rxd5 23. Rd1 Rxd1 24. Kxd1 Qd6+
25. Kc2 Rd8 $15) 22... Nb6 $1 {Now Black's attacking potential is threatening
- there are a couple of dangerous threats.} 23. Bd3 $6 {This should be a
decisive mistake, but...} ({White's position was already very difficult, but
after} 23. Re1 Nxc4 24. Qxc4 Rd2+ 25. Re2 Rxb2 (25... Qxb2 26. Rxd2 Qxd2+ 27.
Kg3 Qd6+ $17) 26. Rxb2 Qxb2+ 27. Kg3 Qe5+ $17) ({Or} 23. f4 Rd2+ 24. Kf3 Qe7
25. Bxf7 Nd5 26. Bxg6 (26. Bxd5 cxd5 $19 {[%cal Ge7e4]}) 26... Rxb2 27. Qd3
Rxa2 $17 {it was possible to fight for a draw.}) 23... Rhe8 $6 {Surprisingly
enough, Veselin misses a golden opportunity to win a pawn.} (23... Na4 $142 $1
24. f4 (24. Qxa4 Rxd3 25. Qa8+ Kc7 26. Qxh8 Rd2+ 27. Kf1 Qb5+ 28. Ke1 Qe2#)
24... Qxb2+ 25. Qxb2 Nxb2 26. Be2 Rd2 27. Kf3 Kc7 $19) 24. Re1 {Now White is
not losing on the spot.} Qd6 $6 {One more step in the wrong direction - The
queen was well placed in the centre.} (24... f5 25. gxf5 gxf5 26. f4 Qf6 $17)
25. Be4 $6 ({Better was} 25. Bc4 $1 {was better:} Nxc4 26. Qxc4 f6 27. Re2 $15)
25... Nd7 26. Qc4 Nf6 (26... Ne5 $5 27. Qc2 Qe6 28. b3 Nd7 $36) 27. Bc2 Qe7 28.
Re2 Rd2 $1 {Finally Black has made some progress.} (28... Nd5 29. Be4 $15) 29.
Qb3 Red8 {Obviously, White is under srong pressure, and Vassily errs again.} (
29... Qd6 $5 30. Qc4 Qe5 31. Qb3 Rxe2+ 32. Kxe2 Nd5 33. Be4 Nc7 $17 {[%cal
Gf7f5]}) 30. Rhe1 $2 (30. a3 $142 bxa3 31. Qxa3 Qe5 $17) 30... Nh7 $2 {Once
again, Topalov fails to find a concrete way to win the pawn!} (30... Rxe2+ 31.
Rxe2 Nd5 32. Kf1 Qh4 33. Rh2 Qg3 $19) 31. Kg3 Ng5 ({Of course, it's not easy
to go back from a psychological point of view:} 31... Nf6 32. f4 g5 $15) 32.
Qc4 Ne6 33. f4 {Now the king is more or less protected.} Nc5 (33... Kb8 $5) 34.
Bb1 Rxe2 35. Qxe2 Ne4+ {White's task is becoming easier after the exchange of
minor pieces.} (35... Kc7 $5 36. b3 g5 $15) 36. Bxe4 Qxe4 37. Kf2 $15 {It
looks like White should be able to hold this position with precise play.} g5
38. fxg5 Qe5 {Black is better now due to a preferable pawn structure and the
activity of his major pieces.} 39. Kg2 Qxg5 40. b3 Qe5 $6 ({It was possible to
pose more problems after} 40... f5 41. Rf1 fxg4 42. hxg4 (42. Qxg4+ Qxg4+ 43.
hxg4 Rd2+ 44. Kf3 Rxa2 45. Ke4 Rb2 $17) 42... Qe7 $15) 41. Qf3 {White manages
to improve his position little by little.} f6 (41... Rd2+ 42. Re2 Rxe2+ 43.
Qxe2 $11) 42. Re2 Qc3 (42... g5 43. Rf2 Rd6 44. Qf5+ Qxf5 45. Rxf5 $11) 43.
Qf5+ Kb8 44. Qc2 $6 {A strange passive move.} ({It was the right moment to
exchange some kingside pawns:} 44. g5 $1 Rd5 45. Qf4+ Ka7 46. gxf6 gxf6 47. Qc4
$11) 44... Kc7 ({White would regret his passive move in the event of} 44... Rd3
$1 45. Qxc3 bxc3 46. Kf3 b5 47. b4 c5 48. a3 c4 $15) 45. Qg6 Rd7 46. g5 Kb6 $6
{One more inaccuracy.} ({After} 46... fxg5 47. Qxg5 Kb6 48. h4 Rd3 $15 {
White is still experiencing some problems with his king.}) 47. gxf6 gxf6 48. h4
$1 $11 {Now the passed h-pawn is an important factor.} Rd1 49. Qe4 Ka7 50. Qf4
c5 51. Qf5 Qc1 {A disappointing result for Veselin!} ({White has finally
equalised:} 51... Qc1 52. Qf2 Qb1 53. e4 Rc1 54. Qe3 $11) 1/2-1/2

[Event "Olympiad-41"]
[Site "Tromsoe"]
[Date "2014.08.12"]
[Round "10.1"]
[White "Ivanchuk, Vassily"]
[Black "Mamedyarov, Shakhriyar"]
[Result "0-1"]
[WhiteElo "2744"]
[BlackElo "2743"]
[Annotator "Sumets,A"]
[PlyCount "50"]
[EventDate "2014.08.02"]
[EventType "team-swiss"]
[EventRounds "11"]
[EventCountry "NOR"]
[SourceTitle "CBM 162"]
[Source "ChessBase"]
[SourceDate "2014.09.17"]
[SourceVersion "1"]
[SourceVersionDate "2014.09.17"]
[SourceQuality "1"]
[WhiteTeam "Ukraine"]
[BlackTeam "Azerbaijan"]
[WhiteTeamCountry "UKR"]
[BlackTeamCountry "AZE"]

1. d4 d5 2. c4 c6 3. Nf3 Nf6 4. e3 Bg4 5. cxd5 ({Before this game V. Ivanchuk
had played only h3 and he had had good results.} 5. h3 Bxf3 (5... Bh5 6. Nc3 e6
7. g4 Bg6 8. Ne5 Nbd7 9. Nxg6 hxg6 10. Bd2 Bb4 11. f3 $6 {A dubious novelty.
Popular options are 11.cxd5, 11.Qb3 and 11.Bd3.} dxc4 12. Bxc4 Nd5 13. Qb3 a5
$15 {1/2-1/2 (51) Ivanchuk,V (2744)-Topalov,V (2772) Tromso NOR 2014 1/2-1/2 
(51)}) 6. Qxf3 e6 7. Bd3 Nbd7 8. O-O Bd6 9. Nc3 O-O 10. Bd2 Re8 11. Qd1 dxc4
12. Bxc4 a6 13. Qc2 (13. a4 c5 14. dxc5 (14. d5 $5 Nb6 15. dxe6 $1 fxe6 (15...
Nxc4 $2 16. exf7+ Kxf7 17. Qb3 $16) 16. Ba2 Rc8 17. Qe2 $14) 14... Nxc5 15. Qc2
Rc8 16. Rfd1 Qe7 17. Rac1 Rc7 18. Be1 Rec8 19. Be2 h6 20. Bf3 Ncd7 21. Qb3 Ne5
22. Be2 Bb4 23. Rc2 Nc6 24. Bf3 Ne5 25. Be2 Nc6 26. Bf3 Ne5 {1/2-1/2 (26)
Ivanchuk,V (2740)-Aronian,L (2763) Sofia 2008}) 13... c5 (13... b5 14. Be2 c5
15. dxc5 Bxc5 16. Rfd1 Rc8 17. Rac1 Be7 18. Qb1 $14) 14. dxc5 Nxc5 15. Rfd1 Rc8
16. Be1 Qe7 {Aronian has build up a very solid position, but it seems next to
impossible to achieve full equality.} (16... Qc7 17. Rac1 Red8 18. Be2 Nce4 19.
g3 Nxc3 20. Qxc3 Qb8 21. Qb3 $14) (16... b5 17. Be2 Qc7 18. a3 Red8 19. Rac1
Nce4 20. g3 $14) 17. Rac1 Rc7 18. Be2 Rec8 19. Qb1 (19. Bf3 b5 20. Qb1 b4 21.
Ne2 a5 22. Nd4 $14) 19... h6 20. Bf3 $14 {Ivanchuk,V (2781)-Aronian,L (2737)
Sochi 2008 1-0 (44) CBM 126 [Ftacnik,L]}) 5... cxd5 6. Qb3 Qc7 7. Bb5+ ({
A much more popular continuation is} 7. Nc3 Bxf3 8. gxf3 e6 9. Bd2 (9. e4 Nc6
10. Be3 Rd8 11. O-O-O Be7 12. e5 Nh5 $6 13. Bh3 $6 (13. f4 $1 f5 (13... g6 $2
14. f5 $16 gxf5 15. Be2 Ng7 16. Bh6 $18) 14. Be2 g6 15. Bxh5 gxh5 16. Rhg1 Kd7
$1 17. Rg7 Kc8 $14) 13... g6 14. Bh6 Bf8 15. Bg5 Be7 16. Bh6 Bf8 17. Bg5 Be7
18. Bh6 {1/2-1/2 (18) Belikov,V (2499)-Sumets,A (2473) Alushta 2003}) 9... Nc6
10. Rc1 Be7 11. Bd3 O-O 12. O-O e5 13. Nxd5 Nxd5 14. Qxd5 Rad8 15. Qc4 exd4 16.
Be4 Rd6 $11 {Popov,V (2548)-Shirov,A (2696) St Petersburg 2013 0-1 (31)}) 7...
Nbd7 (7... Nc6 8. Ne5 e6 {Black doesn't need to play 8...Bd7} 9. Bd2 (9. Qa4 $6
Bd6 $1 10. Nxc6 O-O 11. Nc3 bxc6 12. Bxc6 Rab8 13. Bb5 Bf5 14. Be2 Rb4 15. Qd1
Rfb8 $44) 9... Bd6 10. Bb4 O-O (10... Bxe5 11. dxe5 Qxe5 12. Nd2 Rc8 13. Rc1
$44) 11. Bxd6 Qxd6 12. Bxc6 bxc6 13. Qa3 c5 14. Nd2 (14. Nc3 $5 Bf5 (14... Qb8
$6 15. Nc6 Qb7 16. Qxc5 Kh8 17. Qb5 $16) 15. Qxc5 Qxc5 16. dxc5 Rfc8 17. Na4 (
17. b4 $2 a5 18. Na4 axb4 19. Nb6 b3 $17) 17... Bc2 18. b3 Ne4 19. Rc1 Nxc5 20.
Rxc2 Nd3+ 21. Nxd3 Rxc2 22. O-O $14) 14... Qb8 15. f3 Bf5 16. g4 cxd4 17. exd4
Bg6 18. h4 h6 19. Rc1 Rc8 20. Kf2 Qb6 21. Ke3 Bc2 22. g5 Ne8 23. Nd7 Qd6 24.
Nc5 {1/2-1/2 (24) Jussupow, A (2587)-Godena,M (2533) Switzerland 2013}) 8. Nc3
Bxf3 9. gxf3 a6 $146 (9... e6 10. Bd2 a6 11. Bd3 {1/2-1/2 (11) Grabarczyk, M 
(2476)-Lampert,J (2437) Lueneburg GER 2014. I think White should have
continued the game.}) 10. Bxd7+ {Probably that day Vassily was trying to play
solidly. He could have tried to keep his bishop.} (10. Bd3 $5 e6 11. e4 (11.
Bd2) 11... Be7 12. e5 Nh5 13. f4 f5 {with a complicated position.}) 10... Qxd7
11. Na4 Qb5 (11... Rb8 {looks playable, for example} 12. Nc5 (12. Nb6 Qb5 13.
Qxb5+ axb5 14. a4 bxa4 15. Rxa4 e6 16. Ke2 Nd7 $11) 12... Qc6 13. Bd2 e6 14.
Rc1 Bxc5 15. Rxc5 Qd7 $11) 12. Qxb5+ axb5 13. Nc5 e5 $1 (13... Nd7 $5 14. Nxb7
(14. Nxd7 Kxd7 $11) 14... e5 $1 (14... Ra7 15. Nc5 Nxc5 16. dxc5 g6 $44 17. a3
{The only move to keep the extra pawn.} (17. Ke2 e6 18. Bd2 Bg7 $1 (18... Bxc5
$2 19. Rhc1 $16) 19. a3 Bxb2 {Black regains the pawn} 20. Rab1 Bxa3 21. Rxb5
Kd7 $11) 17... e6 18. b4 Bg7 19. Rb1 Kd7 20. Ke2 {Black has some compensation
for the pawn but White has the upper hand.}) 15. Bd2 (15. dxe5 $2 Nxe5 16. f4
$8 Nc4 $1 17. b3 Na3 $17) 15... exd4 16. exd4 Be7 17. Ke2 Nf8 $1 18. Kd3 Ne6
$44) 14. Nxb7 $6 {After this move Black has more than enough for the
sacrificed pawn. Probably White had to accept the equality after} (14. dxe5
Bxc5 15. exf6 gxf6 16. Bd2 Rg8 17. Ke2 b4 18. Rhd1 Ke7 $11 {Due to the
activity of the black pieces we can assess the position as equal.}) 14... exd4
15. exd4 Kd7 $44 16. Rg1 {Probably Vassily's idea was to meet ...Nh5, ...Ng7
with Bh6} g6 (16... Kc6 {might be worth trying:} 17. Nc5 $8 Bxc5 18. dxc5 Rhe8+
19. Kf1 g6 20. Be3 Ra4 21. b3 Ra6 $44 {Here I would prefer Black. He will
double rooks on the a-file and put the knight on e6. White needs to play very
precisely.}) 17. Bg5 Nh5 18. Kd2 $6 {After this move White has some problems.
He should have preferred a3.} (18. a3 f6 19. Bd2 Ng7 $44 20. Ke2 (20. Bh6 Nf5
21. Bxf8 Rhxf8 {and Black regains the pawn.} 22. O-O-O Kc6 23. Nc5 Nxd4 24.
Rxd4 Kxc5 25. Rgd1 Rfd8 $11) 20... Ne6 21. Kd3 Ra7 22. Na5 Bd6 23. h4 Rha8 $11)
18... Ra7 $1 {Shakhriyar had other options.} (18... f6 19. Be3 Ng7 20. Bh6 Ne6
21. Bxf8 Rhxf8 {Black will regain his pawn soon. The position can be assessed
as equal.} 22. Nc5+ Nxc5 23. dxc5 Ra4 24. Rg4 Kc6 25. Rxa4 bxa4 26. b4 axb3 27.
axb3 Kxc5 $11) (18... Kc6 $2 19. Nc5 Bxc5 20. Rgc1 $16) (18... Ra4 19. Kd3 f6
20. Bd2 Ng7 21. a3 Ne6 22. b4 Bd6 $44) 19. Nc5+ Bxc5 20. dxc5 Rha8 21. a3 Kc6
22. Rg4 Ng7 23. Rd1 $6 ({Probably Vassily should have preferred} 23. Rc1 Ne6
24. Bf6 Ra4 25. Rb4 {It seems to me that Black can't improve his position.} Re8
(25... d4 26. Kc2 Rxb4 27. axb4 Kd5 28. Kd2 Ra2 29. c6 Ra8 $8 30. c7 Rc8 31.
Bd8 $11) (25... Rxb4 $6 26. axb4 Ra4 27. Kc3 $14) 26. h4 Nf4 27. Bg5 Ne6 (27...
Re2+ $2 28. Kd1) 28. Bf6 $11) 23... Ne6 24. Be3 Ra4 25. Kc3 $4 {A blunder.
However White's position was unpleasant.} (25. Kc2 Rc4+ 26. Rxc4 bxc4 $15 27.
b4 $5 Nc7 $1 (27... cxb3+ $2 28. Kxb3 Rb8+ 29. Kc3 Nxc5 30. Ra1 $11) 28. Kb2
Nb5 29. Ra1 Ra4 $17 (29... d4 $2 30. a4 $16)) 25... d4+ {White's position is
hopeless due to the following line:} (25... d4+ 26. Rgxd4 (26. Bxd4 Rd8) 26...
Nxd4 27. Rxd4 (27. Bxd4 Rc4+ 28. Kd3 Rxd4+ 29. Kxd4 Rd8+ $19) 27... Rxd4 28.
Bxd4 (28. Kxd4 Ra4+ 29. Ke5 Rh4 $19) 28... Ra4 {/\ ...Kd5}) 0-1

[Event "UKR-ch 83rd"]
[Site "Lvov"]
[Date "2014.11.12"]
[Round "2"]
[White "Eljanov, Pavel"]
[Black "Ivanchuk, Vassily"]
[Result "1-0"]
[WhiteElo "2719"]
[BlackElo "2726"]
[PlyCount "131"]
[EventDate "2014.11.11"]
[EventType "tourn"]
[EventRounds "11"]
[EventCountry "UKR"]
[EventCategory "17"]
[SourceTitle "CBM 164"]
[Source "ChessBase"]
[SourceDate "2015.01.15"]
[SourceVersion "1"]
[SourceVersionDate "2015.01.15"]
[SourceQuality "1"]

1. d4 Nf6 2. c4 e6 3. Nf3 Bb4+ 4. Bd2 Qe7 5. g3 Bxd2+ 6. Qxd2 Nc6 7. e3 ({RR} 
7. b3 d5 8. Bg2 O-O 9. O-O dxc4 10. bxc4 e5 11. d5 Nb8 12. Nc3 Nbd7 13. Rfd1 h6
14. Qb2 e4 15. Nd4 Nb6 16. Qb3 Bd7 17. Rac1 e3 18. f4 Qc5 19. Ncb5 c6 20. dxc6
bxc6 21. Qa3 Qh5 {Bacrot,E (2729)-Ivanchuk,V (2726) Linares 2014 1/2-1/2 (34)})
7... O-O $146 ({RR} 7... d5 8. Qc3 dxc4 9. Na3 b6 10. Nxc4 Bb7 11. Bg2 O-O 12.
Nfe5 Nd5 13. Bxd5 exd5 14. Nxc6 Bxc6 15. Nxb6 axb6 16. Qxc6 Qb4+ 17. Kf1 Qxb2
18. Kg2 Rxa2 19. Rxa2 Qxa2 20. Qxc7 b5 21. Qb7 Qc2 22. Ra1 {Riazantsev,A (2678)
-Yuffa,D (2467) Khanty-Mansiysk 2014 1-0 (40)}) ({RR} 7... d5 8. Bg2 O-O 9. O-O
Rd8 10. Qc3 dxc4 11. Nbd2 e5 12. Nxe5 Nxe5 13. dxe5 Nd5 14. Bxd5 Rxd5 15. Nxc4
Bh3 16. Rfd1 Qd7 17. Rd4 Rd8 18. f4 {1/2-1/2 (18) Jovanic,O (2489)-Fercec,N 
(2495) Pula 2014}) 8. Bg2 d6 9. Nc3 e5 10. Nd5 Qd8 11. O-O Re8 12. Qc3 Ne4 13.
Qc2 exd4 14. exd4 Bg4 15. Rad1 Nf6 16. h3 Bxf3 17. Bxf3 Nxd5 18. cxd5 Qf6 19.
Qc3 Ne7 20. Rfe1 g6 21. Re4 Nf5 22. Rf4 Qd8 23. h4 Re7 24. Bg4 Nh6 25. Bh3 Kg7
26. g4 Ng8 27. Qf3 Qe8 28. g5 h5 29. Rd3 Re1+ 30. Kh2 Qe7 31. Re3 Rxe3 32. fxe3
Rf8 33. e4 f6 34. Be6 fxg5 35. hxg5 Rxf4 36. Qxf4 Qf8 37. Qxf8+ Kxf8 38. Bc8 b6
39. Kg3 Ke8 40. Kf4 Ne7 41. Ba6 Kd8 42. Bb5 a5 43. a3 Ng8 44. Ke3 Ne7 45. Kd3
Ng8 46. Kc3 Ne7 47. Bf1 Nc8 48. Bh3 Na7 49. Kc4 Ke7 50. Kd3 Ke8 51. e5 Kd8 52.
Ke4 Ke7 53. Kf4 Ke8 54. Ke3 Ke7 55. Kd3 Ke8 56. Kc4 Ke7 57. Bg2 Kf8 58. Be4 Kg7
59. b4 axb4 60. Kxb4 h4 61. Bg2 Kf8 62. a4 Kg7 63. Bh3 Kf7 64. a5 Ke7 65. a6
Kf7 66. Kc3 1-0

[Event "UKR-ch 83rd"]
[Site "Lvov"]
[Date "2014.11.13"]
[Round "3"]
[White "Ivanchuk, Vassily"]
[Black "Zubov, Alexander"]
[Result "1/2-1/2"]
[WhiteElo "2726"]
[BlackElo "2588"]
[PlyCount "37"]
[EventDate "2014.11.11"]
[EventType "tourn"]
[EventRounds "11"]
[EventCountry "UKR"]
[EventCategory "17"]
[SourceTitle "CBM 164"]
[Source "ChessBase"]
[SourceDate "2015.01.15"]
[SourceVersion "1"]
[SourceVersionDate "2015.01.15"]
[SourceQuality "1"]

1. c4 e6 2. Nc3 d5 3. d4 Nf6 4. Bg5 Be7 5. e3 h6 6. Bh4 O-O 7. Qc2 c5 ({RR} 
7... a6 8. a3 Nbd7 9. Nf3 b6 10. cxd5 exd5 11. Bd3 Bb7 12. O-O c5 13. dxc5 bxc5
14. Qe2 Re8 15. Bf5 Ne4 16. Bxe7 Nxc3 17. Qd3 Ne2+ 18. Qxe2 Qxe7 19. Bxd7 Qxd7
20. Qd3 Re4 21. Rfd1 Rae8 22. Rac1 {Mihalik,M (2031)-Hertel,O (2055) Slovakia
2014 1-0 (67)}) 8. dxc5 dxc4 9. Bxc4 Qa5 10. Rc1 $146 ({RR} 10. a3 Qxc5 11. Ba2
b6 12. Nge2 Bb7 13. O-O Nbd7 14. Rac1 Rfc8 15. Rfd1 Nf8 16. Qa4 Qh5 17. Bg3 a6
18. f3 b5 19. Qh4 Qc5 20. Qd4 Qxd4 21. Nxd4 b4 22. axb4 Bxb4 23. e4 Rd8 24. Na4
Rac8 {Ponomariov,R (2731)-Ji,D (2374) China 2013 1/2-1/2 (75)}) ({RR} 10. Nf3
Qxc5 11. Bd3 Nc6 12. a3 Bd7 13. Rd1 Rfd8 14. b4 Qh5 15. h3 Ne5 16. Nxe5 Qxh4
17. Nf3 Qh5 18. Rh2 Bc6 19. g4 Nxg4 20. hxg4 Qxg4 21. Bh7+ Kf8 22. Rxd8+ Rxd8
23. Be4 Bxe4 24. Qxe4 Qxe4 {Kortschnoj,V (2676)-Chiburdanidze,M (2551)
Marbella 1999 1/2-1/2 (149)}) ({RR} 10. Nf3 Qxc5 11. Be2 b6 12. O-O Bb7 13.
Rac1 Nbd7 14. Rfd1 Rfd8 15. Qb1 Qf5 16. e4 Qh5 17. Bg3 Qg6 18. Bd3 Qh5 19. b4
Rac8 20. Ne2 e5 21. Nc3 a6 22. Be2 Qg6 23. Nh4 Qh7 24. Nf5 Bf8 {Notkin,M (2520)
-Khavsky,S (2320) St Petersburg 1996 1-0 (39)}) ({RR} 10. O-O-O Qxc5 11. Bxf6
Bxf6 12. Ne4 Qe7 13. Nf3 Bd7 14. Nxf6+ Qxf6 15. Kb1 Rc8 16. Qd3 Bc6 17. Nd4
Bxg2 18. Rhg1 Nc6 19. Bxe6 fxe6 20. Rxg2 Nxd4 21. Qxd4 Qxd4 22. Rxd4 Rc7 23.
Rg1 Rac8 24. Rgd1 Kf7 {Christensen,T (2375)-Hansen,S (2460) Hillerod 1995 1/
2-1/2 (51)}) 10... Qxc5 11. Be2 Nc6 12. Nf3 Bd7 13. O-O Rac8 14. a3 Ne5 15. Qb3
Nxf3+ 16. Bxf3 Bc6 17. Bxf6 Bxf6 18. Ne4 Qb5 19. Qxb5 1/2-1/2

[Event "UKR-ch 83rd"]
[Site "Lvov"]
[Date "2014.11.14"]
[Round "4"]
[White "Kovchan, Alexander"]
[Black "Ivanchuk, Vassily"]
[Result "0-1"]
[WhiteElo "2585"]
[BlackElo "2726"]
[PlyCount "64"]
[EventDate "2014.11.11"]
[EventType "tourn"]
[EventRounds "11"]
[EventCountry "UKR"]
[EventCategory "17"]
[SourceTitle "CBM 164"]
[Source "ChessBase"]
[SourceDate "2015.01.15"]
[SourceVersion "1"]
[SourceVersionDate "2015.01.15"]
[SourceQuality "1"]

1. e4 c5 2. Nf3 d6 3. Bb5+ Bd7 4. Bxd7+ Nxd7 5. O-O Ngf6 6. Re1 Rc8 ({RR} 6...
e6) 7. d3 ({RR} 7. d4 cxd4 8. Nxd4 g6 9. b3 Bg7 10. Bb2 O-O 11. c4) ({RR} 7. c3
Qc7 8. d3 e6 9. Bf4 Be7 10. d4 Qb6 11. Qe2 O-O 12. Bg5 h6 13. Bh4 Rfe8 14. e5
Nd5 15. Bxe7 Nxe7 16. exd6 Qxd6 17. Nbd2 Nd5 18. Ne4 Qc7 19. dxc5 Nxc5 20. Rad1
Nxe4 21. Qxe4 Red8 {Mamedov,R (2637)-Le,Q (2712) Khanty-Mansiysk 2013 1/2-1/2 
(47)}) ({RR} 7. Nc3 g6 8. d3 Bg7 9. a4 O-O 10. Bg5 h6 11. Bh4 Re8 12. Ra3 Nf8
13. e5 dxe5 14. Nxe5 N8d7 15. Nc4 Nf8 16. Rb3 b6 17. a5 g5 18. Bg3 N6d7 19. Nd5
Rc6 20. Qf3 Re6 21. Re3 Rxe3 {Gressmann,M (1977)-Nguyen,H (1952) Hannover 2014
1-0 (45)}) 7... e6 8. Nc3 $146 ({RR} 8. Nbd2 Be7 9. Nc4 O-O 10. Bg5 Nb8 11. a4
Nc6 12. h3 Re8 13. e5 dxe5 14. Nfxe5 Nxe5 15. Nxe5 Nd5 16. Bd2 Bf6 17. Qh5 Re7
18. Re4 Nc7 19. Rae1 Ne8 20. Nc4 Rd7 21. Bc1 Rd5 22. Qf3 b6 {Hug,W (2430)
-Portisch,L (2625) Crans Montana 1976 1/2-1/2}) ({RR} 8. b3 Be7 9. Bb2 O-O 10.
Nbd2 Ne8 11. d4 cxd4 12. Nxd4 Bf6 13. N2f3 a6 14. a4 Qa5 15. c4 g6 16. Ba3 Ne5
17. Rc1 Qb6 18. Nxe5 Bxe5 19. Nf3 f6 20. Nxe5 fxe5 21. Re3 Rf4 22. g3 Rf6 {
Kostic,V (2375)-Fransson,P (2250) Budapest 1991 1-0 (33)}) 8... Be7 9. e5 dxe5
10. Nxe5 Nxe5 11. Rxe5 O-O 12. Qf3 Rc6 13. Re2 Ne8 14. Bf4 g5 15. Bd2 Ng7 16.
Rae1 Nf5 17. Qh5 Nd4 18. Re3 f5 19. Rg3 g4 20. Bh6 Qe8 21. Qxe8 Rxe8 22. Rd1
Bh4 23. Re3 e5 24. Bf4 Rce6 25. Bg3 Bg5 26. Ree1 Nxc2 27. Rf1 f4 28. h4 Be7 29.
Bh2 Rd8 30. a3 g3 31. fxg3 fxg3 32. Bxg3 Ne3 0-1